Biochemicals organic compounds for research and diagnostic reagents
Αποθηκεύτηκε σε:
| Μορφή: | Βιβλίο |
|---|---|
| Γλώσσα: | Undetermined |
| Έκδοση: |
USA
Sigma chemical company
1989
|
| Θέματα: | |
| Ετικέτες: |
Προσθήκη ετικέτας
Δεν υπάρχουν, Καταχωρήστε ετικέτα πρώτοι!
|
| Thư viện lưu trữ: | Trung tâm Học liệu Trường Đại học Cần Thơ |
|---|
| LEADER | 00446nam a2200157Ia 4500 | ||
|---|---|---|---|
| 001 | CTU_160539 | ||
| 008 | 210402s9999 xx 000 0 und d | ||
| 082 | |a 547 | ||
| 082 | |b B615 | ||
| 245 | 0 | |a Biochemicals organic compounds for research and diagnostic reagents | |
| 260 | |a USA | ||
| 260 | |b Sigma chemical company | ||
| 260 | |c 1989 | ||
| 650 | |a Organic compounds | ||
| 904 | |i Giang | ||
| 980 | |a Trung tâm Học liệu Trường Đại học Cần Thơ | ||